Sanctuary

Saved in:
Bibliographic Details
Main Author: Faulkner, William (Author)
Format: Book
Language:English
Published: Nueva York New American Library 1968
Series:Signet Modern Classic
Subjects:
Tags: Add Tag
No Tags, Be the first to tag this record!

MARC

LEADER 00000nam a2200000 a 4500
001 UCQ0388
003 CL-VaPUC
008 980627e19680000US |||||||||||||||||eng|d
082 0 4 |a 813  |b FAU  |2 21 
100 0 |a Faulkner, William  |e author  |9 313148 
245 1 0 |a Sanctuary 
300 |a 222 p 
942 |c BK 
945 |d 19980627 00:00:00  |a crobeson 
260 |a Nueva York  |b New American Library  |c 1968 
650 0 |a Novelas estadounidenses  |9 265217 
650 0 |a Literatura estadounidense  |9 317168 
583 |a last modification  |c 19980627 00:00:00  |k Rodrigo Vera 
490 0 |a Signet Modern Classic 
999 |c 271521  |d 271519 
952 |0 0  |1 0  |4 0  |6 813_000000000000000_FAU_1968  |7 0  |8 A  |9 306199  |a BIBEDU  |b BIBEDU  |d 2019-11-20  |i 1424483  |o 813 FAU 1968  |p 1424483  |r 2019-11-20  |w 2019-11-20  |y BK  |k LIT